| 000 | 01091cam a22002413a 4500 | ||
|---|---|---|---|
| 001 | 4064 | ||
| 003 | PGUSA | ||
| 005 | 20140828083048.0 | ||
| 008 | 030501s2003||||xxu|||||s|||||000 | eng d | ||
| 040 |
_aPGUSA _beng |
||
| 042 | _adc | ||
| 050 | 4 | _aPS | |
| 100 | 1 |
_aLeacock, Stephen, _d1869-1944 |
|
| 245 | 1 | 0 |
_aMoonbeams from the Larger Lunacy _h[electronic resource] / _cStephen Leacock |
| 260 |
_bProject Gutenberg, _c2003 |
||
| 505 | 0 | _aSpoof: a thousand guinea novel -- The reading public -- Afternoon adventures at my club -- Ram Spudd -- Aristocratic anecdotes -- Education made agreeable -- An every-day experience -- Truthful oratory -- Our literary bureau -- Speeding up business -- Who is also who -- Passionate paragraphs -- Weejee the pet dog -- Sidelights on the supermen -- The survival of the fittest -- The first newspaper -- In the good time after the war. | |
| 506 | _aPublic domain in the USA. | ||
| 516 | _aElectronic text | ||
| 653 | _aCanadian wit and humor | ||
| 830 | 0 |
_aProject Gutenberg _v4064 |
|
| 856 | 4 | 0 | _uhttp://www.gutenberg.org/ebooks/4064 |
| 942 | _cEB | ||
| 999 |
_c233393 _d233393 |
||